Practical Book of Physical Pharmaceutical -1 (Record no. 8810)

MARC details
000 -LEADER
fixed length control field 00438nam a22001577a 4500
003 - CONTROL NUMBER IDENTIFIER
control field OSt
008 - FIXED-LENGTH DATA ELEMENTS--GENERAL INFORMATION
fixed length control field 200711b ||||| |||| 00| 0 eng d
082 ## - DEWEY DECIMAL CLASSIFICATION NUMBER
Classification number 615.19 HAP
100 ## - MAIN ENTRY--PERSONAL NAME
Personal name Hajare, Ashok A
245 ## - TITLE STATEMENT
Title Practical Book of Physical Pharmaceutical -1
250 ## - EDITION STATEMENT
Edition statement 2018
260 ## - PUBLICATION, DISTRIBUTION, ETC. (IMPRINT)
Place of publication, distribution, etc New Delhi
Name of publisher, distributor, etc Nirali
300 ## - PHYSICAL DESCRIPTION
Extent 59
650 ## - SUBJECT ADDED ENTRY--TOPICAL TERM
Topical term or geographic name as entry element Pharmaceutics- Drug Delivery Systems,Pharmaceutical Engineering regulraty Science
942 ## - ADDED ENTRY ELEMENTS (KOHA)
Source of classification or shelving scheme Dewey Decimal Classification
Koha item type Text Books
Holdings
Withdrawn status Lost status Source of classification or shelving scheme Damaged status Not for loan Collection code Home library Current library Date acquired Source of acquisition Currency Cost, normal purchase price Bill Number Total Checkouts Full call number Acc. no. / Barcode Date last seen Actual Cost, discounted price Bill Date Koha item type Date last borrowed
    Dewey Decimal Classification     B.Pharma PIET C-LIBRARY PIET C-LIBRARY 01/02/2020 Kirti Prakashan Rupees 55.00 IN6233   615.19 HAP BP1212 11/07/2020 40.70 01/02/2020 Reference Books  
    Dewey Decimal Classification     B.Pharma PIET C-LIBRARY PIET C-LIBRARY 01/02/2020 Kirti Prakashan Rupees 55.00 IN6233 1 615.19 HAP BP1213 30/09/2022 40.70 01/02/2020 Text Books 26/09/2022
    Dewey Decimal Classification     B.Pharma PIET C-LIBRARY PIET C-LIBRARY 01/02/2020 Kirti Prakashan Rupees 55.00 IN6233   615.19 HAP BP1214 11/07/2020 40.70 01/02/2020 Reference Books  
    Dewey Decimal Classification     B.Pharma PIET C-LIBRARY PIET C-LIBRARY 01/11/2022 Kirti Prakashan Indian Rup 55.00 IN3266 1 615.19 HAP BP1727 29/08/2024 41.25 11/01/2022 Text Books 30/04/2024
    Dewey Decimal Classification     B.Pharma PIET C-LIBRARY PIET C-LIBRARY 01/11/2022 Kirti Prakashan Indian Rup 55.00 IN3266   615.19 HAP BP1728 15/01/2022 41.25 11/01/2022 Text Books  
    Dewey Decimal Classification     B.Pharma PIET C-LIBRARY PIET C-LIBRARY 01/11/2022 Kirti Prakashan Indian Rup 55.00 IN3266   615.19 HAP BP1729 15/01/2022 41.25 11/01/2022 Text Books  
    Dewey Decimal Classification     B.Pharma PIET C-LIBRARY PIET C-LIBRARY 01/11/2022 Kirti Prakashan Indian Rup 55.00 IN3266   615.19 HAP BP1730 15/01/2022 41.25 11/01/2022 Text Books  
    Dewey Decimal Classification     B.Pharma PIET C-LIBRARY PIET C-LIBRARY 01/11/2022 Kirti Prakashan Indian Rup 55.00 IN3266   615.19 HAP BP1731 15/01/2022 41.25 11/01/2022 Text Books  

Design & Developed by: PIET Central Library
R70 Miles Stone Pattikalyana Samalkha Panipat 132102
mail ID :- [email protected], Phone No:- 0180-2569700 Ex.216